000 00504nam a2200181Ia 4500
003 IN-BaIIA
008 211028s9999 xx 000 0 eng d
040 _cIIA Library
080 _a523.9
_bKUI
245 4 _aThe sun
_cedited by Gerard P. Kuiper
260 _aChicago
_bUniversity of Chicago Press
_c1953
300 _axix, 745p.
490 _aThe solar system; v. 1.
650 _aAstronomy and Astrophysics Thesaurus
650 _aSun
_91200
700 _aKuiper, P. Gerard., ed.
_92918
942 _cBK
999 _c1427
_d1427